000 00694nam a2200289Ia 4500
005 20260324145043.0
008 008 260324s9999 xx 000 0 eng d
020 _a9780429046971
037 _aEBOOK
040 _aCRL
040 _beng
040 _cCRL
041 _2eng
041 _aeng
084 _qCRL
100 _aRoberto Newell G.; Luis Rubio F.
_91221582
245 0 _aMexico's Dilemma
245 4 _bThe Political Origins Of Economic Crisis
260 _bTaylor and Francis
260 _c1985
365 _a
365 _b195
856 _uhttp://www.taylorfrancis.com/books/9780429046971
942 _cEBOOK
999 _c1828968
_d1828968